000 00487nam a22001577a 4500
008 230414b |||||||| |||| 00| 0 eng d
020 _a9781441197559.
050 _aLB2331.A776 2015.
100 _aAshwin, Paul.
_952325
245 _aReflective teaching in higher education;
_cPaul Ashwin.
260 _aLondon:
_bBloomsbury Academic.
_c2015.
300 _axiv;
_b416p,
_c25cm.
650 _aCollege teaching.
_913112
650 _areflective teaching.
_952326
942 _2lcc
_cMONOGRAPH
999 _c131744
_d131744